Responses for show #5225 - Friday, May 4, 2007

2007 College Championship quarterfinal game 5.
From the University of Southern California.

Contestants

Christine Kennedy, a freshman from the University of Notre Dame

Anna Han, a sophomore from Penn State University

Elise Burton, a freshman from the University of California-Berkeley

Jeopardy! Round responses

LET YOUR GEEK FLAG FLY
REEF MADNESS
WHIRLED CAPITALS
(Alex: These are anagrams here.)
WEIGHTS & MEASURES
I NEED A SNACK
RHYME TIME
    $200 1
Lord of the Rings

Christine
    $200 21
the octopus

Elise
    $200 16
Lima

Elise
    $200 26
an acre

Christine
    $200 6
donuts

Anna
    $200 12
(Christine: What is, um, long...)

a big rig

AnnaChristine
    $400 2
The X-Files

Anna
    $400 22
(Alex: Australia has a Great one.)

a barrier reef

Triple Stumper
    $400 17
Brussels

Anna
    $400 27
a barrel

Anna
    $400 7
Oreo

Christine
    $400 13
dime grime

Anna
    $600 3
(Star Wars Episode VI:) Return of the Jedi

Elise
    $600 23
a clam

Elise
    $600 18
Seoul

Anna
    $1,000 28
Mark Twain

Anna
    $600 8
cucumbers

Elise
    $600 14
toss floss

Anna
    $800 4
the Borg

Elise
    $800 24
limestone

Elise
    $800 19
Copenhagen

Anna
    $800 29
the ohm

Elise
    $800 9
marshmallows

Christine
    $800 11
a digestion question

Christine
    $1000 5
Dune

Triple Stumper
    $1000 25
(Elise: What is brain coral?)

mushroom coral

Elise
Triple Stumper
    $1000 20
Athens

Elise
    $1000 30
(Alex: Think of Cape Town and you might have come up with [*].)

South Africa

Triple Stumper
    $1000 10
salmon

Anna
    $1000 15
a Tabasco fiasco

Triple Stumper

Scores at the first commercial break (after clue 15):

Elise Anna Christine
$2,000 $2,800 $2,000

Scores at the end of the Jeopardy! Round:

Elise Anna Christine
$4,600 $6,000 $2,200

Double Jeopardy! Round responses

PHYSICS
(Alex: Ah, serious stuff, obviously.)
FIRST NAMES
(Alex: That's a little looser.)
AT THE MOVIES
YOU GET A D MINUS
(Alex: We're going to need two words in each correct response. Remember that.)
BIG MEN ON CAMPUS
FAMOUS TROJANS
    $400 26
conservation

Elise
    $400 16
Raymond

Christine
    $400 6
Hitchcock

Anna
    $400 11
tide & tie

Christine
    $400 21
the University of South Carolina

Elise
    $400 1
the Dardanelles

Elise
    $800 27
waves

Anna
    $800 17
Stephen

Christine
    $800 7
hostel

Christine
    $800 12
Andy & any

Christine
    $800 22
the Naval Academy

Christine
    $800 2
Hector

Elise
    $2,500 28
(Alex: Anna?)
(Anna: What is...)
(Alex: Say it!)
(Anna: ...reflection?)
(Alex: Ohhh, no, darn, you were so close, what is [*]? [*].)

refraction

Anna
    $4,000 18
(Alex: [*] is right, thinking of Big [*], yes indeed, [*]jamin Hall.)

Ben

Christine
    $1200 8
the Mayans

Elise
    $1200 13
bride & brie

Christine
    $1200 23
[Jon pronounces the coaches name like "shish-SHEFF-skee".]

Duke

Anna
    $1200 3
the Amazons

Christine
    $1600 29
(Christine: What is galvonic?)

photoelectric

Christine
Triple Stumper
    $1600 19
(Anna: What is Anne?)

Catherine

AnnaChristine
    $1600 9
Children of Men

Christine
    $1600 14
devil & evil

Christine
    $1600 24
George Mason University

Christine
    $1600 4
Paris

Elise
    $2000 30
the volt

Triple Stumper
    $2000 20
George

Triple Stumper
    $2000 10
Kevin Costner

Anna
    $2000 15
(Alex: Yeees. And you ran the category, congratulations, you're now in the lead! Well done!)
[Applause for Christine's run of the category]

rudder & ruder

Christine
    $2000 25
Pierre Elliott Trudeau

Triple Stumper
    $2000 5
Cressida

Triple Stumper

Scores at the end of the Double Jeopardy! Round:

Elise Anna Christine
$9,400 $6,300 $19,400
(lock game)

Final Jeopardy! Round responses

FRENCH ARTISTS
AnnaWho is Gauguin?
$6,300
EliseWho is Manet?
$5,500
ChristineWho was David?
$500
Paul Gauguin

Final scores:

Elise Anna Christine
$3,900 $12,600 $18,900
3rd place: $5,000 if eliminated 2nd place: $5,000 if eliminated Automatic semifinalist

Game dynamics:

Coryat scores:

Elise Anna Christine
$9,400 $8,400 $16,600
15 R,
1 W
15 R
(including 1 DD),
2 W
(including 1 DD)
19 R
(including 1 DD),
2 W

Combined Coryat: $34,400

The J! Archive is created by fans, for fans. The Jeopardy! game show and all elements thereof, including but not limited to copyright and trademark thereto, are the property of Jeopardy Productions, Inc. and are protected under law. This website is not affiliated with, sponsored by, or operated by Jeopardy Productions, Inc. Join the discussion at JBoard.tv.